| 000 | 01460nam a22003017i 4500 | ||
|---|---|---|---|
| 003 | EG-ScBUE | ||
| 005 | 20260315100430.0 | ||
| 008 | 090624s1970 nyua f b 001 0 eng d | ||
| 040 |
_aEG-ScBUE _beng _erda _cEG-ScBUE _dEG-ScBUE |
||
| 041 |
_aeng _hfre |
||
| 082 | 0 | 4 |
_a553.61 _bMIL _222 |
| 100 | 1 |
_aMillot, Georges, _eauthor. |
|
| 240 | 1 | 0 |
_aGéologie des Argiles : altérations, sédimentologie, géochimie. _lFrench |
| 245 | 1 | 0 |
_aGeology of clays : _bweathering, sedimentology, geochemistry / _cby Georges Millot, professor of geology, dean of the Faculty of Sciences, University of Strasbourg, France ; translated by W. R. Farrand, Department of Geology and Mineralogy, University of Michigan, Ann Arbor, U.S.A., Hélène Paquet, Centre de Sédimentologie et de Géochimie de la Surface, Strasbourg, France. |
| 264 | 1 |
_aNew York : _bSpringer-Verlage, _c1970. |
|
| 300 |
_axvi, 429 pages : _billustrations ; _c25 cm |
||
| 336 |
_2rdacontent _atext _btxt |
||
| 337 |
_aunmediated _2rdamedia _bn |
||
| 338 |
_avolume _bnc _2rdacarrier |
||
| 500 | _aOriginally published as 'Géologie des Argiles'. Paris: Masson, 1970. | ||
| 504 | _aIncludes bibliographical references and index. | ||
| 546 | _aText in English ; translated from the original French language. | ||
| 650 | 7 |
_96822 _aClay. _2BUEsh |
|
| 655 | _vReading book | ||
| 700 | 1 |
_aFarrand, William R., _d1931-2011, _etranslator. |
|
| 700 | 1 |
_aPaquet, Hélène, _d1937- _etranslator. |
|
| 942 |
_2ddc _cBB |
||
| 999 |
_c12003 _d12003 |
||